Library Logo

Pioneer International University Library Catalogue

Vanishing herds / (Record no. 9491)

MARC details
000 -LEADER
fixed length control field 00612cam a22002177a 4500
001 - CONTROL NUMBER
control field 17410806
003 - CONTROL NUMBER IDENTIFIER
control field OSt
005 - DATE AND TIME OF LATEST TRANSACTION
control field 20250901165816.0
008 - FIXED-LENGTH DATA ELEMENTS--GENERAL INFORMATION
fixed length control field 120801s2011 ke 000 f eng
010 ## - LIBRARY OF CONGRESS CONTROL NUMBER
LC control number 2012311753
020 ## - INTERNATIONAL STANDARD BOOK NUMBER
International Standard Book Number 9789966361448
040 ## - CATALOGING SOURCE
Original cataloging agency DLC
Transcribing agency DLC
042 ## - AUTHENTICATION CODE
Authentication code lcode
100 1# - MAIN ENTRY--PERSONAL NAME
Personal name Kulet, Henry R. ole,
Dates associated with a name 1946-
245 10 - TITLE STATEMENT
Title Vanishing herds /
Statement of responsibility, etc. H.R. ole Kulet.
260 ## - PUBLICATION, DISTRIBUTION, ETC.
Place of publication, distribution, etc. Nairobi, Kenya :
Name of publisher, distributor, etc. Sasa Sema Publications,
Date of publication, distribution, etc. 2011.
300 ## - PHYSICAL DESCRIPTION
Extent 225 p. ;
Dimensions 18 cm.
906 ## - LOCAL DATA ELEMENT F, LDF (RLIN)
a 7
b cbc
c origode
d 4
e ncip
f 20
g y-gencatlg
942 ## - ADDED ENTRY ELEMENTS (KOHA)
Source of classification or shelving scheme Library of Congress Classification
Koha item type Books
Holdings
Withdrawn status Lost status Source of classification or shelving scheme Damaged status Not for loan Collection Home library Current library Shelving location Date acquired Source of acquisition Total checkouts Full call number Barcode Date last seen Copy number Price effective from Koha item type
    Library of Congress Classification       Main Library Main Library   03/21/2025 Donation from KICD   PZ 3.K84 2011 PIUD0000382 03/28/2025 1 03/28/2025 Books